Central Library OPAC University of Rajshahi

The emergence of Islam : (Record no. 32488)

MARC details
000 -LEADER
fixed length control field 01066nam a2200289 a 4500
001 - CONTROL NUMBER
control field 32488
003 - CONTROL NUMBER IDENTIFIER
rucl marc code BD-RjUL
005 - DATE AND TIME OF LATEST TRANSACTION
control field 20211209051837.0
008 - FIXED-LENGTH DATA ELEMENTS--GENERAL INFORMATION
fixed length control field 140426r19951993pk b 001 0 eng d
020 ## - INTERNATIONAL STANDARD BOOK NUMBER
International Standard Book Number 9694081378
International Standard Book Number 8174350357
035 ## - SYSTEM CONTROL NUMBER
System control number (BD-RjUL)32577
040 ## - CATALOGING SOURCE
Original cataloging agency ANL
Language of cataloging eng
Transcribing agency ANL
Modifying agency ANL
-- BD-RjUL
041 ## - LANGUAGE CODE
Language code of text/sound track or separate title eng
082 04 - DEWEY DECIMAL CLASSIFICATION NUMBER
Classification number 297
Edition number 20
Author mark and year HAE 1995
100 1# - MAIN ENTRY--PERSONAL NAME
Personal name Hamidullah, Muhammad.
9 (RLIN) 98847
245 14 - TITLE STATEMENT
Title The emergence of Islam :
Remainder of title lectures on the development of Islamic world-view, intellectual tradition and polity /
Statement of responsibility, etc. Muhammad Hamidullah ; translated and edited by Afzal Iqbal.
250 ## - EDITION STATEMENT
Edition statement 1st Ind. ed.
260 ## - PUBLICATION, DISTRIBUTION, ETC. (IMPRINT)
Place of publication, distribution, etc. Islamabad, Pakistan :
Name of publisher, distributor, etc. Islamic Research Institute,
Date of publication, distribution, etc. 1995.
300 ## - PHYSICAL DESCRIPTION
Pagination xiv, 286 p. ;
Size 24 cm.
504 ## - BIBLIOGRAPHY, ETC. NOTE
Bibliography, etc Includes bibliography (p. [269]-273) and index.
650 #0 - SUBJECT ADDED ENTRY--TOPICAL TERM
Topical term or geographic name as entry element Islam
General subdivision Doctrines
-- History.
9 (RLIN) 98539
Topical term or geographic name as entry element Islam
General subdivision Customs and practices
-- History.
9 (RLIN) 98849
710 2# - ADDED ENTRY--CORPORATE NAME
Corporate name or jurisdiction name as entry element Islamic Research Institute (Pakistan)
9 (RLIN) 3748
942 ## - ADDED ENTRY ELEMENTS (KOHA)
Source of classification or shelving scheme Dewey Decimal Classification
Koha item type Books
Holdings
Lost status Source of classification or shelving scheme Damaged status Not for loan Collection code Permanent Location Current Location Shelving location Date acquired Source of acquisition Cost, normal purchase price Total Checkouts Full call number Date last seen Copy number Koha item type
  Dewey Decimal Classification   Not For Loan Non-fiction Central Library, University of Rajshahi Central Library, University of Rajshahi Reading Room 25/06/1997 Paragon Enterprises Dhaka 150.00   297 HAE 1995 26/04/2014 C-1 Books